[Event "Bad Woerishofen Seniors op 08th"]
[Site "Bad Woerishofen"]
[Date "1992.03.10"]
[Round "5"]
[White "Hentschel, Rainer"]
[Black "Von Hoesslin, Holger"]
[Result "0-1"]
[WhiteElo "1672"]
[BlackElo "1856"]
[PlyCount "64"]
[EventDate "1992.03.06"]
[EventType "swiss"]
[EventRounds "9"]
[EventCountry "GER"]
[SourceTitle "TD"]
[Source "ChessBase"]
[SourceDate "1994.03.01"]
[SourceVersion "1"]
[SourceVersionDate "1994.03.01"]
[SourceQuality "1"]

1. d4 Nf6 2. c3 g6 3. e3 Bg7 4. Bd3 d6 5. f4 b6 6. Qf3 d5 7. h3 Bb7 8. Nd2 Nbd7 9. Ne2 c5 10. 0-0 e6 11. b3 0-0 12. Ba3 Re8 13. g4 Rc8 14. Rf2 a6 15. h4 Ne4 16. Bxe4 dxe4 17. Qh3 cxd4 18. cxd4 b5 19. Ng3 f5 20. gxf5 exf5 21. h5 Nf6 22. hxg6 hxg6 23. Ndf1 Ng4 24. Rd2 Qa5 25. Bc1 Nxe3 26. Nxe3 Rxc1+ 27. Rxc1 Qxd2 28. Nexf5 Qxc1+ 29. Nf1 gxf5 30. Qxf5 Bxd4+ 31. Kh2 Qc2+ 32. Kg3 Qf2+ 0-1